00370nam a2200181Ia 4500003000900000008004100009040001300050040001300063041000800076100001800084245002800102250001000130260001200140260000900152300001100161300001000172490000600182IT-RoPAU120407s9999 xx 000 0 und d aIT-RoPAU cIT-RoPAU afra aHervé Bazin aLa tete contre les murs aParis aGrasset c1949 a402 p. c19 cm v1